Recreating Motherhood : Ideology and Technology in a Patriarchal Society /

Guardado en:
Bibliografiske detaljer
Hovedforfatter: Rothman, Barbara Katz (autor)
Format: Bog
Sprog:engelsk
Udgivet: Nueva York, EUA : Norton, 1989, c1989
Tags: Tilføj Tag
Ingen Tags, Vær først til at tagge denne postø!

MARC

LEADER 00000nam^a2200000^a^4500
001 000264991
005 20250521000000.0
009 20260310110703.078
020 |a 0-393-30712-3 
037 |a Acervo ITESO - Biblioteca 
041 |a ING 
082 |a 305. 421  |b ROT 
100 |a Rothman, Barbara Katz  |e (autor) 
245 1 0 |a Recreating Motherhood :  |b Ideology and Technology in a Patriarchal Society /  |c B. Katz Rothman. 
264 4 |a Nueva York, EUA :  |b Norton,  |c 1989, c1989 
300 |a 282 p. 
336 |a texto  |b txt  |2 rdacontenido 
337 |a sin mediación  |b n  |2 rdamedio 
338 |a volumen  |b nc  |2 rdasoporte 
649 |a XX 
910 |a Fondo General 
920 |a Impresos - Libros 
930 |a Colección General 
905 |a 101 
901 |a 0500147409  |b IT1  |c ACC  |u 20250521 
902 |a https://opac.biblio.iteso.mx/vufind/Record/000264991